[Event "Titled Tue 3rd Jan Late"]
[Site "chess.com INT"]
[Date "2025.06.03"]
[Round "1"]
[White "Grzesik, Gracjan"]
[Black "Drygalov, Andrey"]
[Result "1-0"]
[WhiteTitle "CM"]
[BlackTitle "GM"]
[WhiteElo "2175"]
[BlackElo "2431"]
[WhiteFideId "1194593"]
[BlackFideId "24171735"]
[EventDate "2025.06.03"]

1. c4 Nf6 2. Nc3 e5 3. Nf3 Nc6 4. g3 d5 5. cxd5 Nxd5 6. Bg2 Nb6 7. O-O Be7 8. a3
O-O 9. b4 Re8 10. d3 Bf8 11. Rb1 Nd4 12. Nd2 c6 13. e3 Nf5 14. Qc2 Nd6 15. Rd1
Bf5 16. Nb3 Qf6 17. Nc5 Qg6 18. N3e4 Rab8 19. Bb2 Bg4 20. Rd2 Nxe4 21. Nxe4 Nd5
22. h3 Bc8 23. Nc5 b6 24. Nb3 Bd7 25. Rc1 Rbc8 26. Rdd1 h5 27. d4 Qxc2 28. Rxc2
e4 29. Nd2 f5 30. Nc4 Re6 31. Ne5 Be8 32. Rdc1 b5 33. Kf1 a6 34. Ke2 Nb6 35. f3
exf3+ 36. Bxf3 h4 37. g4 fxg4 38. Bxg4 Bf7 39. Nxf7 1-0

[Event "Titled Tue 3rd Jan Late"]
[Site "chess.com INT"]
[Date "2025.06.03"]
[Round "1"]
[White "Torosyan, Volodya"]
[Black "Buchenau, Frank"]
[Result "1-0"]
[WhiteTitle "CM"]
[BlackTitle "FM"]
[WhiteElo "2186"]
[BlackElo "2190"]
[WhiteFideId "13319051"]
[BlackFideId "4604350"]
[EventDate "2025.06.03"]

1. d4 e6 2. c4 Nf6 3. Nf3 b6 4. g3 Bb7 5. Bg2 Be7 6. O-O O-O 7. Nc3 Ne4 8. Nxe4
Bxe4 9. Bf4 d6 10. Qd2 Qc8 11. Rac1 Nd7 12. Qe3 Qb7 13. Rfd1 Bf6 14. b4 a5 15.
b5 Rfe8 16. Bg5 h6 17. Bxf6 Nxf6 18. c5 Rad8 19. c6 Qc8 20. Bh3 Bf5 21. Bxf5
exf5 22. Qd3 Qe6 23. Rc2 Qe4 24. Qxe4 fxe4 25. Ne1 Nd5 26. Ng2 f5 27. Ne3 Nxe3
28. fxe3 d5 29. Rf1 Rf8 30. Rcc1 Rd6 31. Rf2 g5 32. Rcf1 Rdf6 33. h4 Kg7 34.
hxg5 hxg5 35. Kg2 R8f7 36. Rh1 Rh6 37. Rxh6 Kxh6 38. a4 Kg6 39. Rf1 Rh7 40. g4
Rf7 41. gxf5+ Rxf5 42. Rh1 Rf7 43. Rh8 Kf5 44. Re8 Kg6 45. Rd8 Rf5 46. Rd7 Rf7
47. Rxd5 Re7 48. Rd8 Kf5 49. Kg3 Rh7 50. Rd7 Rh1 51. Rxc7 1-0

[Event "Titled Tue 3rd Jan Late"]
[Site "chess.com INT"]
[Date "2025.06.03"]
[Round "1"]
[White "Thorhallsson, Simon"]
[Black "Brown, Raehanna"]
[Result "1-0"]
[WhiteTitle "FM"]
[BlackTitle "WFM"]
[WhiteElo "2218"]
[BlackElo "1906"]
[WhiteFideId "2310090"]
[BlackFideId "7402740"]
[EventDate "2025.06.03"]

1. g3 g6 2. Bg2 Bg7 3. Nf3 d5 4. O-O Nf6 5. c4 O-O 6. cxd5 Nxd5 7. Nc3 Nxc3 8.
bxc3 c5 9. Rb1 Nc6 10. Qa4 Qc7 11. d4 Bf5 12. Rb5 cxd4 13. cxd4 a6 14. Rc5 Qd6
15. Bf4 e5 16. Nxe5 Nxd4 17. Rd5 Nxe2+ 18. Kh1 Qe6 19. Qc4 Nxf4 20. gxf4 Rac8
21. Qb4 b5 22. Rd6 Qe7 23. Nc6 Qh4 24. Rd2 Kh8 25. Qd6 Rce8 26. Ne5 Bxe5 27.
fxe5 Qf4 28. Rd4 Qxe5 29. Qxe5+ Rxe5 30. Rd6 a5 31. Ra6 a4 32. Ra5 Bd3 33. Rd1
Bc4 34. a3 Re2 35. Kg1 1-0

[Event "Titled Tue 3rd Jan Late"]
[Site "chess.com INT"]
[Date "2025.06.03"]
[Round "1"]
[White "May Sanchez, Andres Elias"]
[Black "Baltabaev, Temirlan"]
[Result "0-1"]
[WhiteTitle "CM"]
[BlackTitle "FM"]
[WhiteElo "2209"]
[BlackElo "2295"]
[WhiteFideId "5150973"]
[BlackFideId "4112172"]
[EventDate "2025.06.03"]

1. d4 d5 2. c4 c6 3. cxd5 cxd5 4. Bf4 Nf6 5. e3 Nc6 6. Nc3 e6 7. Bd3 Bd6 8. Bxd6
Qxd6 9. f4 Bd7 10. Nf3 Qb4 11. Qc2 Rc8 12. O-O Qd6 13. a3 h6 14. Ne5 O-O 15. Qe2
Na5 16. g4 Nb3 17. Rad1 Bc6 18. Qf3 Nd7 19. h4 f6 20. Ng6 Rf7 21. g5 f5 22. gxh6
gxh6 23. Kh2 Kh7 24. Rg1 Rg8 25. h5 Nf6 26. Rg2 Rfg7 27. Rdg1 Be8 28. Ne5 Rxg2+
29. Rxg2 Rxg2+ 30. Qxg2 Bxh5 31. Be2 Be8 32. Bb5 Qe7 33. Bxe8 Qxe8 34. Nb5 Qh5+
35. Kg1 Ng4 36. Nc7 Nxe3 37. Qg3 Qd1+ 38. Kf2 Qd2+ 39. Kf3 Nxd4# 0-1

[Event "Titled Tue 3rd Jan Late"]
[Site "chess.com INT"]
[Date "2025.06.03"]
[Round "1"]
[White "Lyakh, Vasiliy"]
[Black "Tarasov, Igor"]
[Result "0-1"]
[BlackTitle "FM"]
[WhiteElo "2116"]
[BlackElo "2256"]
[WhiteFideId "14189828"]
[BlackFideId "4120256"]
[EventDate "2025.06.03"]

1. d4 d5 2. c4 e6 3. Nc3 Nf6 4. cxd5 exd5 5. Bg5 Be6 6. e3 c6 7. Bd3 h6 8. Bh4
Be7 9. Nf3 Nfd7 10. Bg3 Nb6 11. O-O N8d7 12. Re1 O-O 13. Qc2 Nf6 14. h3 Nbd7 15.
Rab1 Rc8 16. b4 a5 17. a3 axb4 18. axb4 b5 19. Ne5 Nb6 20. Ne2 Nc4 21. Nf4 Nxe5
22. dxe5 Nd7 23. e4 Nb6 24. Nxe6 fxe6 25. exd5 cxd5 26. Qe2 Rc4 27. Bxc4 dxc4
28. Qg4 Qc8 29. Bf4 h5 30. Qg3 Nd5 31. Bh6 Rf7 32. Qg6 Bxb4 33. Red1 Bf8 34.
Rdc1 c3 35. Rxb5 Qc4 36. Rb8 Ne7 37. Qg5 Nf5 38. Bxg7 Rxg7 39. Qxh5 Qe4 40. g4
Nd4 41. Qe8 Rxg4+ 42. hxg4 Qxg4+ 43. Kf1 Qh3+ 0-1

[Event "Titled Tue 3rd Jan Late"]
[Site "chess.com INT"]
[Date "2025.06.03"]
[Round "1"]
[White "Ghoreishi Amiri, Seyed Kian"]
[Black "Vifleemskaia, Svetlana"]
[Result "1-0"]
[WhiteTitle "CM"]
[BlackTitle "WFM"]
[WhiteElo "2215"]
[BlackElo "1942"]
[WhiteFideId "36757527"]
[BlackFideId "4129490"]
[EventDate "2025.06.03"]

1. e4 e5 2. Nf3 Nc6 3. Bb5 a6 4. Ba4 Nf6 5. d3 d6 6. O-O g6 7. c3 Bg7 8. Bc2 O-O
9. h3 d5 10. Nbd2 Re8 11. Qe2 h6 12. Rd1 Qe7 13. Nf1 Kh7 14. a4 Be6 15. Ne3 Rad8
16. exd5 Nxd5 17. Nc4 Bc8 18. Bb3 Nf4 19. Bxf4 exf4 20. Qxe7 Rxe7 21. d4 g5 22.
Bc2+ Kg8 23. Re1 Rde8 24. Kf1 Rxe1+ 25. Rxe1 Rxe1+ 26. Nxe1 b5 27. axb5 axb5 28.
Nd2 f5 29. Nd3 Be6 30. Nc5 Bc8 31. d5 Ne5 32. Ne6 Bxe6 33. dxe6 Kf8 34. Bxf5 Nc4
35. Nxc4 bxc4 36. Ke2 Ke7 37. Kf3 h5 38. Ke4 Kd6 39. Bg6 Kxe6 40. Bxh5 Bf8 41.
Be2 Bc5 42. Bxc4+ Kf6 43. Kf3 Ke5 44. Bd3 Bb6 45. Kg4 Kf6 46. Kf3 Ke5 47. b4 c5
48. b5 Kd5 49. c4+ Kd4 50. Bf1 Ke5 51. Kg4 Kf6 52. Bd3 Bc7 53. Kf3 Ke5 54. Kg4
Kf6 55. Kh5 Be5 56. b6 Bb8 57. b7 Bc7 58. Kh6 Bb8 59. Kh7 Kf7 60. Bg6+ Kf8 61.
Kh6 1-0

[Event "Titled Tue 3rd Jan Late"]
[Site "chess.com INT"]
[Date "2025.06.03"]
[Round "1"]
[White "Distaso, Antonio Pio"]
[Black "De Silva, L M S T"]
[Result "0-1"]
[BlackTitle "IM"]
[WhiteElo "2253"]
[BlackElo "2391"]
[WhiteFideId "805548"]
[BlackFideId "9953698"]
[EventDate "2025.06.03"]

1. e4 c6 2. d4 d5 3. e5 Bf5 4. Nf3 e6 5. Be2 Nd7 6. O-O h6 7. a4 Ne7 8. a5 a6 9.
b4 Bh7 10. Ne1 Nf5 11. c3 g5 12. Nd3 Bg7 13. Nd2 f6 14. Bh5+ Kf8 15. exf6 Nxf6
16. Be2 Nd7 17. Nf3 g4 18. Nfe5 Nxe5 19. dxe5 h5 20. Nc5 Qe7 21. Bf4 Bh6 22.
Bxh6+ Nxh6 23. f3 g3 24. hxg3 h4 25. g4 h3 26. g3 h2+ 27. Kh1 Nf7 28. f4 Ke8 29.
Rf2 Kd8 30. Rxh2 Kc7 31. Bf3 Raf8 32. Raa2 Rd8 33. Qd4 Be4 34. Rxh8 Bxf3+ 35.
Kg1 Rxh8 36. Nxa6+ bxa6 37. Qa7+ Kd8 38. Qb8+ Kd7 39. Qb7+ Ke8 40. Qxc6+ Kf8 41.
Rh2 Rxh2 42. Kxh2 Nd8 0-1

[Event "Titled Tue 3rd Jan Late"]
[Site "chess.com INT"]
[Date "2025.06.03"]
[Round "1"]
[White "Brozynski, Patryk"]
[Black "Ali, Sebbar"]
[Result "0-1"]
[WhiteTitle "CM"]
[BlackTitle "IM"]
[WhiteElo "2219"]
[BlackElo "2400"]
[WhiteFideId "2512700"]
[BlackFideId "8100977"]
[EventDate "2025.06.03"]

1. Nf3 Nf6 2. b3 g6 3. Bb2 Bg7 4. e3 O-O 5. c4 c5 6. Nc3 Nc6 7. Be2 d5 8. cxd5
Nxd5 9. O-O Nxc3 10. Bxc3 Bxc3 11. dxc3 Bf5 12. Qc1 Qa5 13. Rd1 Rad8 14. Qb2
Rxd1+ 15. Rxd1 Rd8 16. Rxd8+ Qxd8 17. Qd2 Qxd2 18. Nxd2 e5 19. e4 Bd7 20. Bb5 a6
21. Bxc6 Bxc6 22. f3 f5 23. Kf2 Kf7 24. Ke3 Ke6 25. g3 Bb5 26. c4 Bc6 27. Nb1
fxe4 28. fxe4 b5 29. Nc3 b4 30. Nd5 a5 31. Kf3 a4 32. Nb6 a3 33. Nd5 Kf7 34. g4
h5 35. h3 hxg4+ 36. hxg4 Bd7 37. Nb6 Bc6 38. Nd5 Ke6 39. Kg3 Kd6 40. Kf3 Be8 41.
Nf6 Ba4 42. bxa4 b3 43. Nd5 bxa2 44. Nc3 a1=Q 45. Nb5+ Kc6 46. a5 a2 47. a6 Qf1+
48. Kg3 a1=Q 49. a7 Qae1+ 50. Kh2 Qef2# 0-1

[Event "Titled Tue 3rd Jan Late"]
[Site "chess.com INT"]
[Date "2025.06.03"]
[Round "1"]
[White "Smirnov, Alexandr A."]
[Black "Woodward, Andy"]
[Result "0-1"]
[WhiteTitle "FM"]
[BlackTitle "GM"]
[WhiteElo "2136"]
[BlackElo "2547"]
[WhiteFideId "24104396"]
[BlackFideId "30953499"]
[EventDate "2025.06.03"]

1. e4 g6 2. d4 Bg7 3. Nc3 a6 4. a4 d6 5. h4 h6 6. Be3 Nc6 7. f3 Nf6 8. Qd2 Bd7
9. Bc4 Rb8 10. Nge2 Qc8 11. a5 e6 12. g4 Ne7 13. Ng3 Bc6 14. O-O-O Nd7 15. g5 h5
16. Qe2 b5 17. Bb3 b4 18. Nb1 Rb5 19. d5 exd5 20. exd5 Nxd5 21. Bd4+ Kf8 22.
Bxg7+ Kxg7 23. Nd2 Qe8 24. Nde4 Qe5 25. Rhf1 Rxa5 26. Kb1 Bb5 27. Bc4 Bxc4 28.
Qxc4 Ne3 29. Qd3 Nxf1 30. Rxf1 Nc5 31. Nxc5 Rxc5 32. f4 Qd5 33. Qe3 Rb8 34. b3
Rc3 35. Qg1 Rb5 36. f5 Qd2 37. Rc1 Re5 38. f6+ Kh7 39. Nf1 Qf4 40. Qa7 Rec5 41.
Qb8 Rxb3+ 42. Ka2 Ra3+ 43. Kb2 Qd4+ 44. c3 Raxc3 45. Qf8 Rc2+ 46. Kb3 Qc3+ 47.
Ka4 Qa3# 0-1

[Event "Titled Tue 3rd Jan Late"]
[Site "chess.com INT"]
[Date "2025.06.03"]
[Round "1"]
[White "Sieciechowicz, Marcin"]
[Black "Rosenberg, Evan S"]
[Result "1-0"]
[WhiteTitle "IM"]
[WhiteElo "2410"]
[BlackElo "1989"]
[WhiteFideId "1130170"]
[BlackFideId "2019299"]
[EventDate "2025.06.03"]

1. d4 d5 2. c4 c6 3. Nc3 Nf6 4. Nf3 dxc4 5. a4 Bf5 6. Ne5 Nbd7 7. Nxc4 Qc7 8.
Qd2 g6 9. Qf4 Qxf4 10. Bxf4 Bg7 11. h3 O-O 12. e3 Nb6 13. Nxb6 axb6 14. Be2 Ne4
15. Nxe4 Bxe4 16. O-O c5 17. Be5 Bxe5 18. dxe5 Bc2 19. Bb5 Rfd8 20. Rfc1 Rd2 21.
Kf1 Bd3+ 22. Bxd3 Rxd3 23. Rc3 Rd2 24. Rb3 Ra6 25. Rb5 g5 26. g4 Kg7 27. a5 h6
28. Ra3 Rxa5 29. Raxa5 bxa5 30. Rxb7 e6 31. Kg2 a4 32. Kg3 c4 33. f4 gxf4+ 34.
exf4 Rd3+ 35. Kg2 Rb3 36. Ra7 Rxb2+ 37. Kf3 Rb3+ 38. Ke4 a3 39. h4 c3 40. Kd3 h5
41. gxh5 Rb4 42. f5 exf5 43. e6 Kf6 44. exf7 Kg7 45. h6+ Kf8 46. h7 Rxh4 47.
h8=Q+ Rxh8 48. Ra8+ Kg7 49. Rxh8 c2 50. f8=Q+ Kg6 51. Rh6+ 1-0

[Event "Titled Tue 3rd Jan Late"]
[Site "chess.com INT"]
[Date "2025.06.03"]
[Round "1"]
[White "Minko, Dmitry"]
[Black "Reinecke, Katharina"]
[Result "1/2-1/2"]
[WhiteTitle "FM"]
[BlackTitle "WCM"]
[WhiteElo "2247"]
[BlackElo "1921"]
[WhiteFideId "24188468"]
[BlackFideId "12929727"]
[EventDate "2025.06.03"]

1. e4 c6 2. d4 d5 3. exd5 cxd5 4. Bd3 Nc6 5. c3 Qc7 6. h3 Nf6 7. Nf3 g6 8. O-O
Bf5 9. Be2 Bg7 10. Re1 O-O 11. Be3 a6 12. Nbd2 b5 13. a3 Na5 14. Ne5 Nc4 15.
Ndxc4 bxc4 16. g4 Bd7 17. Bf4 Qb7 18. Qc2 h5 19. gxh5 Bf5 20. Qc1 Rab8 21. hxg6
fxg6 22. Bf3 Qxb2 23. Qxb2 Rxb2 24. Bg5 e6 25. Bg2 Rb3 26. Bxf6 Rxf6 27. Nd7 Rf7
28. Nc5 Rxc3 29. Nxe6 Bxe6 30. Rxe6 Bxd4 31. Bxd5 Rxh3 32. Re8+ Kg7 33. Bxf7
Bxa1 34. Bxc4 Rxa3 35. Re7+ Kf6 36. Rf7+ Kg5 37. Ra7 Ra4 38. Bxa6 Bd4 39. Ra8
Ra1+ 40. Kg2 Kf4 41. Bb7 g5 42. Rxa1 Bxa1 43. f3 Be5 44. Ba8 Bf6 45. Bb7 Be5 46.
Ba8 Bf6 47. Bb7 Be5 1/2-1/2

[Event "Titled Tue 3rd Jan Late"]
[Site "chess.com INT"]
[Date "2025.06.03"]
[Round "1"]
[White "Madaminov, Mukhiddin"]
[Black "Bouchet, Sebastien"]
[Result "1-0"]
[WhiteTitle "GM"]
[BlackTitle "CM"]
[WhiteElo "2520"]
[BlackElo "2180"]
[WhiteFideId "14210703"]
[BlackFideId "623571"]
[EventDate "2025.06.03"]

1. Nf3 c5 2. e4 g6 3. c3 Bg7 4. d4 cxd4 5. cxd4 d5 6. e5 Bg4 7. Nbd2 Nc6 8. h3
Bxf3 9. Nxf3 e6 10. Bd3 Nge7 11. O-O O-O 12. Be3 Nf5 13. Bxf5 exf5 14. Rc1 Qb6
15. Qd2 Rfc8 16. Rc3 Nd8 17. Rfc1 Rxc3 18. Qxc3 Ne6 19. g3 h6 20. h4 Rd8 21. Kg2
Rd7 22. Qc8+ Rd8 23. Qc2 Rd7 24. Qa4 Rd8 25. b3 a6 26. Ne1 Qb5 27. Qxb5 axb5 28.
Nd3 Bf8 29. Nf4 Ba3 30. Nxe6 fxe6 31. Rc7 Bf8 32. Rxb7 b4 33. Rb6 Kf7 34. Rb7+
Kg8 35. Rc7 Ra8 36. Rc2 Kf7 37. Kf3 Ke8 38. Ke2 Kd7 39. Kd1 Ra6 40. f3 Rc6 41.
Rh2 Ra6 42. Kc1 Kc6 43. Kb2 Kb7 44. g4 1-0

[Event "Titled Tue 3rd Jan Late"]
[Site "chess.com INT"]
[Date "2025.06.03"]
[Round "1"]
[White "Yushko, Olga"]
[Black "Vaganian, Rafael A"]
[Result "0-1"]
[WhiteTitle "WFM"]
[BlackTitle "GM"]
[WhiteElo "2036"]
[BlackElo "2449"]
[WhiteFideId "14114500"]
[BlackFideId "13300016"]
[EventDate "2025.06.03"]

1. d4 Nf6 2. c4 e6 3. Nc3 d5 4. cxd5 exd5 5. Bg5 Be7 6. e3 c6 7. Bd3 Nbd7 8.
Nge2 Nf8 9. O-O Ne6 10. Bh4 g6 11. Kh1 Ng7 12. f3 Nfh5 13. Bxe7 Qxe7 14. e4 dxe4
15. fxe4 O-O 16. d5 Bg4 17. Qb3 Rad8 18. Rae1 Ne8 19. Nd4 Nef6 20. Qc4 c5 21.
Nb3 b6 22. e5 Nd7 23. Qxg4 Nxe5 24. Qe2 Rfe8 25. Bb5 Qh4 26. Kg1 Ng4 27. Qxe8+
Rxe8 28. Rxe8+ Kg7 29. h3 Nhf6 30. Re2 Qg3 31. hxg4 Nxg4 32. Rxf7+ Kxf7 33. Re4
Qh2+ 34. Kf1 Qh1+ 35. Ke2 Qxg2+ 36. Kd3 Nf2+ 37. Ke3 Qg3+ 38. Ke2 Nxe4 39. Nxe4
Qg2+ 40. Kd3 Qf3+ 41. Kc2 Qxe4+ 42. Kc3 Qf3+ 43. Bd3 h5 44. a4 h4 45. d6 Ke6 46.
d7 Kxd7 47. Nd2 Qf6+ 48. Kc2 h3 49. Ne4 Qf4 50. Bb5+ Ke7 0-1

[Event "Titled Tue 3rd Jan Late"]
[Site "chess.com INT"]
[Date "2025.06.03"]
[Round "1"]
[White "Tekeyev, Zaur"]
[Black "Munoz Ramos, Christopher"]
[Result "1-0"]
[WhiteTitle "IM"]
[BlackTitle "FM"]
[WhiteElo "2417"]
[BlackElo "2133"]
[WhiteFideId "4199731"]
[BlackFideId "3439615"]
[EventDate "2025.06.03"]

1. e4 c5 2. Nf3 d6 3. d4 cxd4 4. Nxd4 Nf6 5. Nc3 g6 6. Be3 Bg7 7. f3 Nc6 8. Qd2
O-O 9. Bc4 a6 10. h4 h5 11. O-O-O Qc7 12. Nxc6 bxc6 13. Bh6 Rd8 14. g4 hxg4 15.
h5 d5 16. hxg6 Be6 17. Bxg7 fxg6 18. Qh6 Kf7 19. Bxf6 Kxf6 20. exd5 cxd5 21.
Nxd5+ Bxd5 22. Bxd5 Rac8 23. Qh4+ Kg7 24. Qh7+ Kf6 25. Qf7+ Kg5 26. f4+ Qxf4+
27. Qxf4+ Kxf4 28. Rhf1+ Kg5 29. c4 g3 30. Rg1 Kh4 31. Rh1+ Kg4 32. Rd4+ Kg5 33.
Rhd1 Rd6 34. Kb1 Rcd8 35. Rg1 e6 36. Rxg3+ Kh5 37. Bf3+ Kh6 38. Rxd6 Rxd6 39.
Kc2 g5 40. Kc3 Kg6 41. c5 Rd8 42. c6 Kf5 43. Kc4 e5 44. Rg1 e4 45. Bg4+ Kf4 46.
c7 Rd2 47. c8=Q e3 48. Qf5# 1-0

[Event "Titled Tue 3rd Jan Late"]
[Site "chess.com INT"]
[Date "2025.06.03"]
[Round "1"]
[White "Galchenko, Matvey"]
[Black "Sohal, Tanraj"]
[Result "1-0"]
[WhiteTitle "IM"]
[BlackTitle "FM"]
[WhiteElo "2442"]
[BlackElo "2234"]
[WhiteFideId "24175480"]
[BlackFideId "2608499"]
[EventDate "2025.06.03"]

1. f4 d5 2. Nf3 g6 3. g3 Bg7 4. Bg2 Nf6 5. O-O c5 6. d3 Nc6 7. Nc3 h5 8. e4 dxe4
9. dxe4 Qxd1 10. Rxd1 Bg4 11. e5 Nd7 12. Be3 h4 13. Ne4 hxg3 14. hxg3 b6 15. Nf2
Bxf3 16. Bxf3 Rc8 17. Bg4 Rc7 18. Ne4 Nb4 19. Rd2 f5 20. exf6 Nxf6 21. Bf3 Nxe4
22. Bxe4 Bxb2 23. Bxg6+ Kf8 24. Rad1 Kg7 25. Be4 Nxa2 26. Rd7 Rxd7 27. Rxd7 Kf6
28. Rxa7 Nc3 29. Bd3 Nd5 30. Rb7 Rg8 31. Kf2 e6 32. Bd2 Rh8 33. g4 Bd4+ 34. Kg3
e5 35. f5 e4 36. Bxe4 Be5+ 37. Kf3 Rh3+ 38. Ke2 Rh2+ 39. Ke1 Nf4 40. Rxb6+ Kg5
41. Rg6+ Kh4 42. Rh6+ Kg3 43. Rxh2 Kxh2 44. g5 Kg3 45. f6 Ne6 46. Bf5 Nd4 47. f7
Bg7 48. Bc3 1-0

[Event "Titled Tue 3rd Jan Late"]
[Site "chess.com INT"]
[Date "2025.06.03"]
[Round "1"]
[White "Kiseleva, Arina"]
[Black "Kleiman, Jake"]
[Result "0-1"]
[WhiteTitle "WCM"]
[BlackTitle "IM"]
[WhiteElo "1994"]
[BlackElo "2399"]
[WhiteFideId "4164989"]
[BlackFideId "2020041"]
[EventDate "2025.06.03"]

1. d4 Nf6 2. Nf3 e6 3. e3 d5 4. Bd3 c5 5. b3 Be7 6. O-O O-O 7. Bb2 b6 8. Nbd2
Ba6 9. Ne5 Bxd3 10. cxd3 Nfd7 11. dxc5 Nxe5 12. Bxe5 Nd7 13. Bb2 bxc5 14. Nf3
Rc8 15. Qe2 Qb6 16. Rac1 a5 17. Ba1 Ra8 18. d4 Rfc8 19. dxc5 Bxc5 20. Qb2 Bf8
21. Rxc8 Rxc8 22. Rc1 Rc5 23. h3 Qc7 24. Rxc5 Qxc5 25. Qc3 Qa3 26. Qb2 Qc5 27.
Qc3 f6 28. Qxc5 Bxc5 29. Bc3 Bb6 30. Nd4 Kf7 31. Nc6 e5 32. Bxa5 Ke6 33. Bxb6
Nxb6 34. a4 Kd6 35. Nb4 Nd7 36. Nd3 e4 37. Nf4 Nc5 38. a5 g5 39. Nh5 f5 40. b4
Na4 41. Ng7 f4 42. exf4 gxf4 43. Nh5 Ke5 44. a6 d4 45. b5 d3 46. Kf1 Nc3 47. a7
d2 0-1

[Event "Titled Tue 3rd Jan Late"]
[Site "chess.com INT"]
[Date "2025.06.03"]
[Round "1"]
[White "Bukreev, Stanislav"]
[Black "Swara Lakshmi S Nair"]
[Result "1/2-1/2"]
[WhiteTitle "FM"]
[BlackTitle "WCM"]
[WhiteElo "2328"]
[BlackElo "2178"]
[WhiteFideId "34252347"]
[BlackFideId "25629239"]
[EventDate "2025.06.03"]

1. d4 Nf6 2. c4 g6 3. Nc3 d5 4. cxd5 Nxd5 5. e4 Nxc3 6. bxc3 Bg7 7. Nf3 c5 8.
Be3 cxd4 9. cxd4 O-O 10. Rc1 Nc6 11. d5 Ne5 12. Nxe5 Bxe5 13. Be2 e6 14. O-O
exd5 15. exd5 Bf5 16. Bf3 Qd6 17. Bc5 Bxh2+ 18. Kh1 Qf4 19. g4 Rfe8 20. gxf5 Qh4
21. Kg2 Bf4 22. Rg1 Bxc1 23. Qxc1 Rac8 24. fxg6 hxg6 25. Rh1 Qf6 26. Qa3 b6 27.
Be3 Rc3 28. Qa4 Rexe3 29. fxe3 Qg5+ 30. Qg4 Qxe3 31. Qh3 Rc2+ 32. Kg3 Qf2+ 33.
Kf4 Rc4+ 34. Ke5 Qd4+ 35. Kd6 Qf6+ 36. Kd7 Qg7 37. d6 f5+ 38. Ke6 Qf7+ 39. Ke5
Qg7+ 40. Kd5 Qf7+ 41. Ke5 Qg7+ 42. Kd5 Qf7+ 43. Ke5 1/2-1/2

[Event "Titled Tue 3rd Jan Late"]
[Site "chess.com INT"]
[Date "2025.06.03"]
[Round "1"]
[White "Chekletsov, Ilya"]
[Black "Mai, Alexander Oliver"]
[Result "1-0"]
[WhiteTitle "IM"]
[WhiteElo "2338"]
[BlackElo "2171"]
[WhiteFideId "24177156"]
[BlackFideId "2313391"]
[EventDate "2025.06.03"]

1. d4 Nf6 2. c4 e6 3. g3 c5 4. d5 exd5 5. cxd5 d6 6. Nc3 g6 7. Bg2 Bg7 8. Nf3
O-O 9. O-O Re8 10. a4 Bf5 11. Nd2 Qd7 12. Re1 Bh3 13. Bh1 a6 14. Nc4 Qc7 15. Bf4
Bf8 16. e4 Nbd7 17. a5 Nh5 18. Bg5 Ne5 19. Nb6 Rab8 20. f3 Bc8 21. f4 Bg4 22.
Qd2 Nf3+ 23. Bxf3 Bxf3 24. Re3 Bg4 25. Kg2 Bg7 26. h3 Bd7 27. g4 Nf6 28. Rae1 h6
29. Bh4 Nh7 30. Bg3 f6 31. Kh2 Nf8 32. R3e2 g5 33. Nc4 Bb5 34. Nxb5 axb5 35. Nb6
Ng6 36. f5 Ne5 37. Bxe5 Rxe5 38. Qd3 c4 39. Qd4 Rbe8 40. Kg2 Qf7 41. Kf3 h5 42.
Re3 Bf8 43. Qc3 Qc7 44. Qb4 Qc5 45. Qxc5 dxc5 46. gxh5 Bd6 47. Kg4 Bc7 48. h4
gxh4 49. Nd7 Kf7 50. Nxe5+ Bxe5 51. Kxh4 b4 52. R3e2 c3 53. b3 Ra8 54. Ra1 c4
55. bxc4 b3 56. Rb1 c2 57. Rxc2 bxc2 58. Rc1 Rxa5 59. Rxc2 Rc5 60. h6 Rxc4 61.
Rxc4 1-0

[Event "Titled Tue 3rd Jan Late"]
[Site "chess.com INT"]
[Date "2025.06.03"]
[Round "1"]
[White "Norowitz, Yaacov"]
[Black "Mika, Tomasz"]
[Result "1-0"]
[WhiteTitle "IM"]
[BlackTitle "CM"]
[WhiteElo "2400"]
[BlackElo "2227"]
[WhiteFideId "2024799"]
[BlackFideId "1132970"]
[EventDate "2025.06.03"]

1. d4 Nf6 2. Nf3 e6 3. c3 b6 4. Bg5 Bb7 5. e3 Be7 6. Nbd2 h6 7. Bxf6 Bxf6 8. g3
d6 9. Bg2 Nd7 10. Qc2 a5 11. a4 Qe7 12. O-O Rb8 13. Rfe1 O-O 14. b4 e5 15. Reb1
Ra8 16. Nxe5 Bxg2 17. Nxd7 Qxd7 18. Kxg2 axb4 19. cxb4 Ra7 20. Ne4 Be7 21. b5
Rfa8 22. Nc3 c5 23. dxc5 dxc5 24. Rd1 Qe6 25. Qe4 Qxe4+ 26. Nxe4 Rxa4 27. Rxa4
Rxa4 28. Nd6 Rb4 29. Nc8 Bf6 30. Nxb6 Rxb5 31. Nd5 Bb2 32. Rb1 c4 33. Nc3 Rb3
34. Nd1 c3 35. Nxc3 Rxc3 36. Rxb2 g6 37. g4 Kg7 38. Kg3 Rc4 39. Rb5 Rc3 40. h4
Rc4 41. f3 Rc3 42. e4 Rc4 43. Kf4 Rc3 44. Ra5 Rc7 45. Rd5 Rb7 46. Rc5 Ra7 47.
Kg3 Rb7 48. Rc3 Ra7 49. e5 Ra5 50. f4 Ra6 51. h5 gxh5 52. gxh5 Ra4 53. Kg4 Ra6
54. Rc7 Rb6 55. Ra7 Kg8 56. Kf5 Rc6 57. Rd7 Kg7 58. Rd8 Rb6 59. Rc8 Ra6 60. Rc7
Rb6 61. Re7 Rb5 62. Rd7 Ra5 63. Ke4 Ra4+ 64. Rd4 Ra6 65. f5 Rb6 66. Rd7 Kg8 67.
Rd8+ Kg7 68. f6+ Kh7 69. Rd7 Kh8 70. Kf5 Kg8 71. Re7 Rb8 72. Rd7 Ra8 73. Rd5 Rb8
74. Ke4 Ra8 75. Rc5 Ra4+ 76. Kd5 Rh4 77. Kd6 Rxh5 78. Ke7 Rf5 79. e6 fxe6 80.
Rxf5 exf5 81. f7+ Kh7 82. Kf6 1-0

[Event "Titled Tue 3rd Jan Late"]
[Site "chess.com INT"]
[Date "2025.06.03"]
[Round "1"]
[White "Bongo Akanga Ndjila, Barthelemy"]
[Black "Erdogan, Anil Berk"]
[Result "0-1"]
[WhiteTitle "CM"]
[BlackTitle "CM"]
[WhiteElo "1847"]
[BlackElo "2091"]
[WhiteFideId "10609431"]
[BlackFideId "6348173"]
[EventDate "2025.06.03"]

1. d4 Nf6 2. Nf3 c5 3. e3 cxd4 4. exd4 d5 5. Bd3 g6 6. h3 Bg7 7. O-O O-O 8. b4
a5 9. b5 Nbd7 10. c4 dxc4 11. Bxc4 Nb6 12. Bd3 Be6 13. Nbd2 Nfd5 14. Re1 Rc8 15.
Bb2 Nc3 16. Bxc3 Rxc3 17. Bf1 Qc7 18. Nb3 Na4 19. Ne5 Nb2 20. Qd2 Rc2 21. Qxa5
b6 22. Qb4 Nc4 23. Bxc4 Bxc4 24. Nc6 Qf4 25. Rf1 Bxf1 26. Rxf1 Bf6 27. Nxe7+
Bxe7 28. Qxe7 Rxa2 29. Qb7 Rb2 30. Nc1 Qxd4 31. Qf3 Rxb5 32. Ne2 Qd5 33. Qe3 Qe5
34. Qd3 Rd5 35. Qa6 b5 36. Ng3 b4 37. Qc4 Rb8 38. Qb3 Rc5 39. Rb1 Qd5 40. Qe3 b3
41. Qf4 Rcb5 42. Ne2 b2 43. Nc3 Qd3 44. Qc7 R5b7 45. Qc5 Rb3 46. Qc4 Qxc4 0-1